000 01607nim a2200361 i 4500
001 197385
003 ES-MaACL
005 20250828062638.0
007 ss lsnjlcipnne
008 200525s1991 sp nnnn |||| 00| spa d
040 _bspa
_cES-MaACL
245 0 0 _aA través de Marguerite Yourcenar
_h[Grabación sonora] :
_bhomenaje /
_cintervienen Michèle Berger y Emma Calatayud ; presenta Acacia Uceta
260 _aMadrid :
_bAteneo de Madrid,
_c1991
300 _a1 casete (ca. 90 min) :
_bson. ;
_c11 cm
490 1 _3Actos culturales en el Ateneo de Madrid
518 _aGrabado el 24 de mayo de 1991 en el Salón de Actos del Ateneo de Madrid.
520 _aLa conferencia rindió homenaje a Marguerite Yourcenar, destacada escritora francesa, primera mujer en ingresar en la Academia Francesa, conocida por obras como Memorias de Adriano y Opus Nigrum.
540 _aDocumento inédito
594 _5Datos basados en la invitación.
600 0 4 _9117708
_aYourcenar, Marguerite
610 2 0 _aAteneo de Madrid-
_xActos culturales-
_y1991-
_vGrabaciones sonoras
_9240452
653 _aArchivo de la palabra
700 1 _9240649
_aBerger, Michele Tracy,
_d1968-
_eora
700 0 _933533
_aCalatayud, Emma
_eora
700 1 _9111853
_aUceta, Acacia,
_d1925-2002
_epres
710 2 _91997
_aAteneo de Madrid.
_ehis
_bSección de Literatura
710 2 _94361
_aFundación Manuel Azaña
_esht
830 0 _aActos culturales en el Ateneo de Madrid
_9240237
852 _aES-MaACL
_cDEPOZ
_9205727
942 _2udc
_n0
_cCINTASAUD
999 _c197385
_d197385